[Event "Vienna op-B 14th"]
[Site "Vienna"]
[Date "2003.08.23"]
[Round "8"]
[White "Sturm, Thomas"]
[Black "Steiner, Adam"]
[Result "1/2-1/2"]
[WhiteElo "1933"]
[BlackElo "1766"]
[PlyCount "88"]
[EventDate "2003.08.16"]
[EventType "swiss"]
[EventRounds "9"]
[EventCountry "AUT"]
[SourceTitle "CBM 095 Extra"]
[Source "ChessBase"]
[SourceDate "2003.09.04"]
[SourceVersion "1"]
[SourceVersionDate "2003.09.04"]
[SourceQuality "1"]

1. d4 Nf6 2. c4 e5 3. dxe5 Ng4 4. e4 Nxe5 5. Nf3 Nbc6 6. Be2 Bc5 7. 0-0 0-0 8. Nxe5 Nxe5 9. Kh1 d6 10. f4 Nc6 11. Nc3 Re8 12. a3 a5 13. Qd3 Nd4 14. Be3 Nxe2 15. Qxe2 Bxe3 16. Qxe3 b6 17. Qd4 Re6 18. Rad1 Rh6 19. g3 Bb7 20. Nd5 f5 21. Kg1 fxe4 22. Qxe4 Kh8 23. Qd4 Qd7 24. Rfe1 Bxd5 25. cxd5 Re8 26. Re3 Kg8 27. Rde1 Rxe3 28. Qxe3 Rf6 29. Kg2 c5 30. h3 b5 31. g4 Qf7 32. Qe8+ Qxe8 33. Rxe8+ Kf7 34. Re4 h5 35. Kg3 hxg4 36. hxg4 Rh6 37. Re1 Rh8 38. f5 c4 39. Re2 b4 40. axb4 axb4 41. Rc2 Rc8 42. Kf4 Rc5 43. Ke4 Kf6 44. Kf4 Kf7 1/2-1/2

[Event "Vienna op-B 14th"]
[Site "Vienna"]
[Date "2003.08.21"]
[Round "6"]
[White "Sturm, Thomas"]
[Black "Giefing, Josef"]
[Result "1/2-1/2"]
[WhiteElo "1933"]
[BlackElo "1848"]
[PlyCount "29"]
[EventDate "2003.08.16"]
[EventType "swiss"]
[EventRounds "9"]
[EventCountry "AUT"]
[SourceTitle "CBM 095 Extra"]
[Source "ChessBase"]
[SourceDate "2003.09.04"]
[SourceVersion "1"]
[SourceVersionDate "2003.09.04"]
[SourceQuality "1"]

1. d4 Nf6 2. Nf3 g6 3. g3 Bg7 4. Bg2 d6 5. 0-0 0-0 6. c4 c6 7. Nc3 Nbd7 8. Qc2 Nb6 9. b3 Re8 10. Rd1 d5 11. cxd5 Nbxd5 12. Nxd5 cxd5 13. Bf4 Bf5 14. Qc7 Qxc7 15. Bxc7 1/2-1/2

[Event "Oberwart op 25th"]
[Site "Oberwart"]
[Date "2003.07.07"]
[Round "3"]
[White "Manik, Mikulas"]
[Black "Sturm, Thomas"]
[Result "1-0"]
[WhiteElo "2471"]
[BlackElo "2111"]
[PlyCount "63"]
[EventDate "2003.07.05"]
[EventType "swiss"]
[EventRounds "9"]
[EventCountry "AUT"]
[SourceTitle "CBM 095 Extra"]
[Source "ChessBase"]
[SourceDate "2003.09.04"]
[SourceVersion "1"]
[SourceVersionDate "2003.09.04"]
[SourceQuality "1"]

1. e4 e6 2. d4 d5 3. Nd2 Nf6 4. e5 Nfd7 5. Bd3 c5 6. c3 Nc6 7. Ne2 cxd4 8. cxd4 f6 9. exf6 Nxf6 10. Nf3 Bd6 11. 0-0 Qc7 12. Bg5 0-0 13. Rc1 Bd7 14. Ng3 Rae8 15. Re1 Qb8 16. Bb1 Bf4 17. Bxf4 Qxf4 18. Qd3 Re7 19. Rcd1 Be8 20. Ne5 Qh4 21. Nxc6 bxc6 22. f3 Bg6 23. Qa3 Rfe8 24. Bxg6 hxg6 25. Qd6 Qg5 26. Re5 Qf4 27. Qxc6 Nd7 28. Ree1 Nb6 29. b3 Rc8 30. Qb5 Kf7 31. Qe2 Rec7 32. Qxe6+ 1-0